000 00924nam a2200301Ia 4500
001 A8005
003 IT-RoPAU
008 130308s9999 xx 000 0 und d
040 _aIT-RoPAU
040 _cIT-RoPAU
041 _aINGLESE
100 _aMartin Angela
100 _gCodice Aut. SPICS: 36316
245 _aChantal Akerman's Films: Notes on the Issues Raised for Feminism
245 _bFilms For Women
250 _a1a ed.
260 _aLONDON
260 _bBritish Film Institute
260 _c1987 [1° Ed.:1986 - Ed.Ling.Originale:1979]
300 _a"10 p. (prefazione: no ; testo: 10 [pagine: 62-71])"
500 _aNote Sul Femminismo a Proposito dei Film di Chantal Akerman. regista Come Creatore. spettatore e Critico. Femminismo e Avanguardia.
650 _aGENERI CINEMATOGRAFICI
650 _eCodice materia Spics: 6810
942 _cBK
957 _71
999 _c54676
_d54676
999 _bSI
999 _g1